|
|
|
|
| LEADER |
01310nab#a2200361#ar4500 |
| 001 |
000078521 |
| 003 |
SVKKK |
| 005 |
20000803xxxxxxx. |
| 008 |
06 c xo huno |
| FMT |
|
|
|
| 038 |
|
|
|a SVKKK
|
| 040 |
|
|
|a SVKKK
|b slo
|e AACR2
|
| 041 |
0 |
|
|a hun
|
| 044 |
|
|
|a xo
|c SK
|
| 080 |
|
|
|a 281.94(Abov):247
|
| 080 |
|
|
|a 282(Abov):247
|
| 080 |
|
|
|a 284.1(Abov):247
|
| 080 |
|
|
|a 284.2(Abov):247
|
| 080 |
|
|
|a 296(Abov):29
|
| 242 |
1 |
0 |
|a Cirkevné poklady Košíc
|
| 245 |
0 |
0 |
|a Kassa egyházi kincsei
|
| 500 |
|
|
|a [Ex/V 76; Ba 99]
|
| 520 |
2 |
|
|a Na požiadanie Hornouhorského múzea Františka Rákociho v Košiciach rada mesta Košice vyzvala všetky konfesie v Košiciach, aby so zachovaním vlastníckeho práva odovzdali svoje nepoužívané cirkevné cennosti do menovaného múzea, kde budú chránené s prístupom pre ich majiteľov.
|
| 650 |
0 |
4 |
|a výzva mestská - konfesie košické (adresát) - cennosti cirekevné (nepoužívané) - Hornouhorské múzeum Rákociho, Košice - odovzdanie navrhnuté - Košice - máj 1913 - správy
|
| 773 |
0 |
|
|t Abauj-Kassai Közlöny : Politikai napilap
|g Roč. 42, č. 102 (04.05.1913) s. 2
|
| 957 |
|
|
|a Košice
|
| 958 |
|
|
|a CI
|
| 958 |
|
|
|a DG
|
| 958 |
|
|
|a SK
|
| 974 |
|
|
|a Ba
|d 20000803
|
| 992 |
|
|
|a RBX
|
| BAS |
|
|
|
| 998 |
|
|
|a RETRO
|